Hrútvang /

Hlavní autor: Andres, Adam, 1970-
Jazyk: Čeština
Vydáno: Praha : Epocha, 2008
Vydání: Vyd. 2.
Edice: Pevnost (Epocha)
Témata:
Fyzický popis: 272 s. ; 17 cm
Knihy
Uloženo v:
LEADER 01138nam a2200373 a 4500
001 nkc20091861042
003 CZ PrNK
005 20090521145425.0
007 ta
008 090311s2008 xr e 000 f cze
015 |a cnb001861042 
020 |a 978-80-87027-92-9  |q (brož.) 
035 |a (OCoLC)320228903 
040 |a OLA001  |b cze 
072 7 |a 821.162.3-3  |x Česká próza  |2 Konspekt  |9 25 
080 |a 821.162.3-31  |2 MRF 
080 |a (0:82-312.9)  |2 MRF 
100 1 |a Andres, Adam,  |d 1970-  |7 xx0013106  |4 aut 
245 1 0 |a Hrútvang /  |c Adam Andres 
250 |a Vyd. 2. 
260 |a Praha :  |b Epocha,  |c 2008 
300 |a 272 s. ;  |c 17 cm 
490 1 |a Pevnost ;  |v sv. 42 
500 |a Vydáno ve spolupráci s časopisem Pevnost 
655 7 |a české romány  |7 fd133974  |2 czenas 
655 7 |a fantasy romány  |7 fd184199  |2 czenas 
655 9 |a Czech fiction  |2 eczenas 
655 9 |a fantasy novels  |2 eczenas 
830 0 |a Pevnost (Epocha)  |0 s 
910 2 |a BOA001  |b 1-1220.670 
990 |a BK 
995 |a 01 
991 |b 200904 
996 6 |b 2610372685  |c 1-1220.670  |l MZK  |r Sklad / do 1 hodiny  |n 0  |p p.v.  |w 000932918  |u 000010  |a 1  |e BOA001  |j MZK50  |s P